000 00405nam a2200133Ia 4500
008 220216s9999 xx 000 0 und d
100 _aSupriyanto
245 0 _aPerformance of TM clones in rubber plantation
260 _bIn: Prosidings of the Lokakarya Nasional Pemuliaan Tanaman Karet, Medan 1992; p41-47
650 _aRubber plantation
700 _aBasuki
700 _aNasution Usman
942 _cJS
999 _c64801
_d64801